Szczegóły MARC21

Społeczne aspekty starzenia się ludności w Polsce : perspektywa socjologii starości /

003 -Nazwa inst., której nr kontr. jest w polu 001 [,]
    • @
    • Nazwa instytucji, której n kontrolny jest w polu 001
    • NUKAT
005 -DATA I CZAS OSTATNIEJ MODYFIKACJI [,]
    • @
    • pole kontrolne
    • 20241231093945.0
020 -Międzynarod. znormalizowany nr książki - ISBN [ , ]
    • a
    • Numer ISBN
    • 9788373268609 Find
040 -Instytucja sporządzająca opis [ , ]
    • a
    • Instytucja, która sporządziła opis (NP)
    • WR U/Pdg
    • c
    • Instytucja, która sporządziła rekord (NP)
    • WR U/ZM
    • d
    • Instytucja, która zmodyfikowała rekord (P)
    • WR U/ZM
    • d
    • Instytucja, która zmodyfikowała rekord (P)
    • WA U/88OBs
    • d
    • Instytucja, która zmodyfikowała rekord (P)
    • GD PAN/JMSs
942 -Rodzaj dokumentu [ , ]
    • c
    • Rodzaj dokumentu
    • Książka
100 -Hasło główne - nazwa osobowa [1, ]
    • a
    • Nazwa osobowa (NP)
    • Czekanowski, Piotr
    • d
    • Daty biograficzne (NP)
    • (1956- ).
    • 9
    • KHW
    • 42254
245 -Strefa tytułu i oznaczenia odpowiedzialności [1,0]
    • a
    • Tytuł
    • Społeczne aspekty starzenia się ludności w Polsce : Find
    • b
    • Ciąg dalszy tytułu (NP)
    • perspektywa socjologii starości / Find
    • c
    • Pozostałe elementy strefy tytułu i oznaczenia odpowiedzialności (NP)
    • Piotr Czekanowski.
260 -Strefa adresu wydawniczego [ , ]
    • a
    • Miejsce wydania (P)
    • Gdańsk :
    • b
    • Nazwa wydawcy (P)
    • Wydawnictwo Uniwersytetu Gdańskiego,
    • c
    • Data wydania (P)
    • 2012.
300 -Strefa opisu fizycznego [ , ]
    • a
    • Określenie formy książki i/lub objętość (NP)
    • 333, [1] s. :
    • b
    • Oznaczenie ilustracji (NP)
    • il. ;
    • c
    • Format (NP)
    • 24 cm.
336 -Typ zawartości [ , ]
    • a
    • Termin opisujący typ zawartości
    • Tekst
    • b
    • Kod określający zawartość
    • txt
    • 2
    • Źródło (terminu i kodu)
    • rdacontent
337 -Typ mediów [ , ]
    • a
    • Tryb odtwarzania
    • Bez urządzenia pośredniczącego
    • b
    • Kod typu mediów
    • n
    • 2
    • Źródło (terminu i kodu)
    • rdamedia
338 -Typ/rodzaj nośnika [ , ]
    • a
    • Hasło opisujące typ nośnika
    • Wolumin
    • b
    • Kod typu nośnika
    • nc
    • 2
    • Źródło (terminu i kodu)
    • rdacarrier
504 -Uwaga dot. bibliogr. załącznikowej [ , ]
    • a
    • Uwaga dot. bibliografii załącznikowej
    • Bibliogr. str 302-[328].
536 -Uwaga dot. finansowania książki [ , ]
    • a
    • Tekst uwagi
    • Publikacja dofinansowana przez Instytut Filozofii, Socjologii i Dziennikarstwa Uniwersytetu Gdańskiego
546 -Uwaga dot. języka [ , ]
    • a
    • Uwaga dot. języka
    • Spis treści również w jęz. ang.
080 -Uniwersalna Klasyfikacja Dziesiętna [ , ]
    • 2
    • Identyfikator wydania tablic
    • UDC-P058
    • 9
    • UKD
    • 11661
    • a
    • Symbol klasyfikacji
    • 316.346.3-053.9
    • b
    • Dopowiedzenie
    • Socjologia ludzi starych.
    • 4
    • UKD2
    • 7642
    • x
    • Poddział wspólny
    • (438)
    • c
    • Dopowiedzenie poddz. wspólnego
    • (Polska).
080 -Uniwersalna Klasyfikacja Dziesiętna [ , ]
    • 2
    • Identyfikator wydania tablic
    • UDC-P058
    • 9
    • UKD
    • 2409
    • a
    • Symbol klasyfikacji
    • 159.9-053.9
    • b
    • Dopowiedzenie
    • Psychologia ludzi starych.
    • 4
    • UKD2
    • 7642
    • x
    • Poddział wspólny
    • (438)
    • c
    • Dopowiedzenie poddz. wspólnego
    • (Polska).
650 -Hasło przedmiotowe [ ,7]
    • a
    • Hasło przedmiotowe
    • Starzenie się ludności
    • z
    • Określnik geograficzny
    • Polska
    • y
    • Określnik chronologiczny
    • 1990-.
    • 2
    • Źródło terminu
    • kaba
    • 9
    • KHW
    • 370650
650 -Hasło przedmiotowe [ ,7]
    • a
    • Hasło przedmiotowe
    • Starość
    • x
    • Określnik rzeczowy
    • socjologia
    • z
    • Określnik geograficzny
    • Polska
    • y
    • Określnik chronologiczny
    • 1990-.
    • 2
    • Źródło terminu
    • kaba
    • 9
    • KHW
    • 370648
650 -Hasło przedmiotowe [ ,7]
    • a
    • Hasło przedmiotowe
    • Starzenie się
    • x
    • Określnik rzeczowy
    • aspekt społeczny
    • z
    • Określnik geograficzny
    • Polska
    • y
    • Określnik chronologiczny
    • 1990-.
    • 2
    • Źródło terminu
    • kaba
    • 9
    • KHW
    • 370651
650 -Hasło przedmiotowe [ ,7]
    • a
    • Hasło przedmiotowe
    • Seniorzy
    • x
    • Określnik rzeczowy
    • opieka i pomoc
    • z
    • Określnik geograficzny
    • Polska
    • y
    • Określnik chronologiczny
    • 1990-.
    • 2
    • Źródło terminu
    • kaba
    • 9
    • KHW
    • 370649
650 -Hasło przedmiotowe [ ,7]
    • a
    • Hasło przedmiotowe
    • Seniorzy
    • x
    • Określnik rzeczowy
    • rodzina
    • z
    • Określnik geograficzny
    • Polska
    • y
    • Określnik chronologiczny
    • 1990-.
    • 2
    • Źródło terminu
    • kaba
    • 9
    • KHW
    • 370652
650 -Hasło przedmiotowe [ ,7]
    • a
    • Hasło przedmiotowe
    • Seniorzy
    • z
    • Określnik geograficzny
    • Polska
    • x
    • Określnik rzeczowy
    • sytuacja społeczna
    • y
    • Określnik chronologiczny
    • 1990-.
    • 2
    • Źródło terminu
    • kaba
    • 9
    • KHW
    • 370647
980 -Symbol UKD [ , ]
    • a
    • UKD
    • 316.346.3-053.9:159.9-053.9](438)
710 -Hasło dodatkowe - nazwa ciała zbiorowego [2, ]
    • a
    • Nazwa ciała zbiorowego lub nazwa geograficzna jako pierwszy element (NP)
    • Uniwersytet Gdański.
    • b
    • Nazwa jednostki podrzędnej (P)
    • Wydawnictwo.
    • 4
    • Kod relacji
    • pbl
    • 9
    • KHW
    • 53330
920 -ISBN [ , ]
    • a
    • ISBN
    • 978-83-7326-860-9 Find
Lokalizacja Data inwentaryzacji Numer inwentarzowy Status udost.
BG2012-05-14Z.1160101